Szczegóły MARC21

Systemy konstytucyjne Andory, Liechtensteinu, Monako, San Marino /

003 -Nazwa inst., której nr kontr. jest w polu 001 [,]
    • @
    • Nazwa instytucji, której n kontrolny jest w polu 001
    • NUKAT
005 -DATA I CZAS OSTATNIEJ MODYFIKACJI [,]
    • @
    • pole kontrolne
    • 20241231085709.0
020 -Międzynarod. znormalizowany nr książki - ISBN [ , ]
    • a
    • Numer ISBN
    • 9788370598556 Find
040 -Instytucja sporządzająca opis [ , ]
    • a
    • Instytucja, która sporządziła opis (NP)
    • WA U/98ZS
    • c
    • Instytucja, która sporządziła rekord (NP)
    • WA U/ZS
    • d
    • Instytucja, która zmodyfikowała rekord (P)
    • WA U/98AST
    • d
    • Instytucja, która zmodyfikowała rekord (P)
    • WA U/98MAPs
    • d
    • Instytucja, która zmodyfikowała rekord (P)
    • KR U/MWs
942 -Rodzaj dokumentu [ , ]
    • c
    • Rodzaj dokumentu
    • Książka
100 -Hasło główne - nazwa osobowa [1, ]
    • a
    • Nazwa osobowa (NP)
    • Osóbka, Przemysław
    • d
    • Daty biograficzne (NP)
    • (1979- ).
    • 9
    • KHW
    • 25885
245 -Strefa tytułu i oznaczenia odpowiedzialności [1,0]
    • a
    • Tytuł
    • Systemy konstytucyjne Andory, Liechtensteinu, Monako, San Marino / Find
    • c
    • Pozostałe elementy strefy tytułu i oznaczenia odpowiedzialności (NP)
    • Przemysław Osóbka.
260 -Strefa adresu wydawniczego [ , ]
    • a
    • Miejsce wydania (P)
    • Warszawa :
    • b
    • Nazwa wydawcy (P)
    • Wydawnictwo Sejmowe,
    • c
    • Data wydania (P)
    • 2008.
300 -Strefa opisu fizycznego [ , ]
    • a
    • Określenie formy książki i/lub objętość (NP)
    • 134, [1] s. :
    • b
    • Oznaczenie ilustracji (NP)
    • il. kolor. ;
    • c
    • Format (NP)
    • 24 cm.
336 -Typ zawartości [ , ]
    • a
    • Termin opisujący typ zawartości
    • Tekst
    • b
    • Kod określający zawartość
    • txt
    • 2
    • Źródło (terminu i kodu)
    • rdacontent
337 -Typ mediów [ , ]
    • a
    • Tryb odtwarzania
    • Bez urządzenia pośredniczącego
    • b
    • Kod typu mediów
    • n
    • 2
    • Źródło (terminu i kodu)
    • rdamedia
338 -Typ/rodzaj nośnika [ , ]
    • a
    • Hasło opisujące typ nośnika
    • Wolumin
    • b
    • Kod typu nośnika
    • nc
    • 2
    • Źródło (terminu i kodu)
    • rdacarrier
490 -Strefa serii i książki wielotomowej - forma nie do wyszukiwania [1, ]
    • a
    • Tytuł (P)
    • Systemy Konstytucyjne Państw Świata Find
830 -Hasło dodatkowe serii i opisu książki wielotomowej - tytuł ujednolicony/tytuł [ ,0]
    • a
    • Tytuł ujednolicony/tytuł (NP)
    • Systemy Konstytucyjne Państw Świata
    • 9
    • KHW
    • 13109
504 -Uwaga dot. bibliogr. załącznikowej [ , ]
    • a
    • Uwaga dot. bibliografii załącznikowej
    • Bibliogr. s. 134.
080 -Uniwersalna Klasyfikacja Dziesiętna [ , ]
    • 2
    • Identyfikator wydania tablic
    • UDC-P058
    • 9
    • UKD
    • 3421
    • a
    • Symbol klasyfikacji
    • 342.3
    • b
    • Dopowiedzenie
    • Zwierzchnictwo. Formy władzy państwowej. Ustrój państwowy. Demokracja. Rządy ludowe. Monarchia. Republika
    • 4
    • UKD2
    • 48355
    • x
    • Poddział wspólny
    • (467.2)
    • c
    • Dopowiedzenie poddz. wspólnego
    • (Andora).
    • 4
    • UKD2
    • 14859
    • x
    • Poddział wspólny
    • (494.9)
    • c
    • Dopowiedzenie poddz. wspólnego
    • (Lichtenstein).
    • 4
    • UKD2
    • 39411
    • x
    • Poddział wspólny
    • (449.49)
    • c
    • Dopowiedzenie poddz. wspólnego
    • (Monako).
    • 4
    • UKD2
    • 39412
    • x
    • Poddział wspólny
    • (454.4)
    • c
    • Dopowiedzenie poddz. wspólnego
    • (San Marino).
080 -Uniwersalna Klasyfikacja Dziesiętna [ , ]
    • 2
    • Identyfikator wydania tablic
    • UDC-P058
    • 9
    • UKD
    • 3424
    • a
    • Symbol klasyfikacji
    • 342.4
    • b
    • Dopowiedzenie
    • Konstytucje.
    • 4
    • UKD2
    • 48355
    • x
    • Poddział wspólny
    • (467.2)
    • c
    • Dopowiedzenie poddz. wspólnego
    • (Andora).
    • 4
    • UKD2
    • 14859
    • x
    • Poddział wspólny
    • (494.9)
    • c
    • Dopowiedzenie poddz. wspólnego
    • (Lichtenstein).
    • 4
    • UKD2
    • 39411
    • x
    • Poddział wspólny
    • (449.49)
    • c
    • Dopowiedzenie poddz. wspólnego
    • (Monako).
    • 4
    • UKD2
    • 39412
    • x
    • Poddział wspólny
    • (454.4)
    • c
    • Dopowiedzenie poddz. wspólnego
    • (San Marino).
650 -Hasło przedmiotowe [ ,7]
    • a
    • Hasło przedmiotowe
    • Ustroje polityczne.
    • 2
    • Źródło terminu
    • kaba
    • 9
    • KHW
    • 134796
650 -Hasło przedmiotowe [ ,7]
    • a
    • Hasło przedmiotowe
    • Polityka porównawcza.
    • 2
    • Źródło terminu
    • kaba
    • 9
    • KHW
    • 159291
650 -Hasło przedmiotowe [ ,7]
    • a
    • Hasło przedmiotowe
    • Ustroje polityczne
    • v
    • Określnik formalny
    • badania porównawcze.
    • 2
    • Źródło terminu
    • kaba
    • 9
    • KHW
    • 361060
650 -Hasło przedmiotowe [ ,7]
    • a
    • Hasło przedmiotowe
    • Prawo konstytucyjne
    • v
    • Określnik formalny
    • badania porównawcze.
    • 2
    • Źródło terminu
    • kaba
    • 9
    • KHW
    • 369338
980 -Symbol UKD [ , ]
    • a
    • UKD
    • 342.3/.4(467.2:494.9:449.49:454.4)
710 -Hasło dodatkowe - nazwa ciała zbiorowego [2, ]
    • a
    • Nazwa ciała zbiorowego lub nazwa geograficzna jako pierwszy element (NP)
    • Wydawnictwo Sejmowe.
    • 4
    • Kod relacji
    • pbl
    • 9
    • KHW
    • 52829
920 -ISBN [ , ]
    • a
    • ISBN
    • 978-83-7059-855-6 Find
Data inwentaryzacji Lokalizacja Numer inwentarzowy Sygnatura Status udost.
2009-01-09BGZ.112358 1
2018-02-28BGWM.21121 -3
2010-04-13BSASA.18634SA.186341